[Event "CEDIS Festival saha 2026 - 2. turnir"]
[Site "Podgorica"]
[Date "2026.04.24"]
[Round "1.1"]
[White "Lakusic, Zoran"]
[Black "Scekic, Veljko"]
[Result "0-1"]
[WhiteElo "1715"]
[BlackElo "2223"]
[WhiteFideId "-1"]
[BlackFideId "-1"]
[PlyCount "54"]
[GameId "2307968616149415"]
[EventDate "2026.04.24"]
[EventType "swiss"]
[EventRounds "5"]
[EventCountry "MNE"]
[SourceVersionDate "2026.05.09"]

1. Nf3 Nf6 2. c4 g6 3. Nc3 Bg7 4. e4 d6 5. d3 c5 6. Be2 O-O 7. O-O Nc6 8. Bf4 e5 9. Bg5 h6 10. Bh4 Bg4 11. Nxe5 Nxe5 12. Bxf6 Bxe2 13. Bxd8 Bxd1 14. Be7 Rfe8 15. Bxd6 Bc2 16. Nd5 Nxd3 17. Nc7 Bxb2 18. Nxe8 Rxe8 19. Rae1 Nxe1 20. Rxe1 Rxe4 21. Rxe4 Bxe4 22. Bxc5 b6 23. Be3 Ba3 24. c5 bxc5 25. f3 Bd5 26. Bxh6 c4 27. Be3 c3 0-1

[Event "CEDIS Festival saha 2026 - 2. turnir"]
[Site "Podgorica"]
[Date "2026.04.24"]
[Round "1.2"]
[White "Rasovic, Uros"]
[Black "Peric, Toman"]
[Result "1/2-1/2"]
[WhiteElo "2207"]
[BlackElo "1700"]
[WhiteFideId "-1"]
[BlackFideId "-1"]
[PlyCount "67"]
[GameId "2307970094588417"]
[EventDate "2026.04.24"]
[EventType "swiss"]
[EventRounds "5"]
[EventCountry "MNE"]
[SourceVersionDate "2026.05.09"]

1. e4 c6 2. Nc3 d5 3. d4 dxe4 4. Nxe4 Nf6 5. Nxf6+ exf6 6. Nf3 Bd6 7. Be2 Bf5 8. O-O O-O 9. c4 b6 10. Be3 Nd7 11. Qa4 c5 12. b4 cxb4 13. Rac1 Qe7 14. Rfe1 Be4 15. Nd2 f5 16. f3 Bc2 17. Qxc2 Qxe3+ 18. Kh1 Qxd4 19. Qxf5 Qf4 20. Qxf4 Bxf4 21. Rcd1 Nc5 22. Nf1 Rad8 23. Rd5 Na4 24. g3 Bc7 25. Ne3 Nc3 26. Rxd8 Rxd8 27. Nd5 Re8 28. Nxc7 Rxe2 29. Rxe2 Nxe2 30. Nd5 Nd4 31. Nxb4 Nxf3 32. Nc6 a6 33. Nb8 Ne5 34. c5 1/2-1/2

[Event "CEDIS Festival saha 2026 - 2. turnir"]
[Site "Podgorica"]
[Date "2026.04.24"]
[Round "1.3"]
[White "Uslu, Berkant"]
[Black "Kramich, Aliaksei"]
[Result "0-1"]
[WhiteElo "1631"]
[BlackElo "2195"]
[WhiteFideId "-1"]
[BlackFideId "-1"]
[PlyCount "112"]
[GameId "2307979952034416"]
[EventDate "2026.04.24"]
[EventType "swiss"]
[EventRounds "5"]
[EventCountry "MNE"]
[SourceVersionDate "2026.05.09"]

1. e4 e5 2. Nc3 Nc6 3. Nf3 g6 4. Bc4 Bg7 5. a3 Nf6 6. d3 O-O 7. h3 d6 8. Be3 Be6 9. Qd2 d5 10. exd5 Nxd5 11. Bxd5 Bxd5 12. Nxd5 Qxd5 13. O-O Rfe8 14. Qe2 Rad8 15. Rfe1 Qb5 16. Rab1 f5 17. b3 h6 18. a4 Qd5 19. Rbd1 Kh7 20. Bd2 e4 21. dxe4 Rxe4 22. Be3 Qe6 23. Rxd8 Nxd8 24. Qd3 Nc6 25. Nd2 Rd4 26. Qf1 Rd7 27. Bxh6 Qd5 28. Be3 Nb4 29. Qc4 Qxc4 30. Nxc4 Nxc2 31. Re2 Nxe3 32. Rxe3 c6 33. Re2 Bc3 34. Re3 Bb4 35. Ne5 Rd1+ 36. Kh2 Bd6 37. g3 Kg7 38. Rd3 Rxd3 39. Nxd3 b5 40. Kg2 Kf6 41. Kf3 Ke6 42. a5 c5 43. a6 c4 44. bxc4 bxc4 45. Nf4+ Kf6 46. Ke3 Bc5+ 47. Ke2 g5 48. Nd5+ Ke5 49. Ne3 Kd4 50. Kd2 f4 51. gxf4 gxf4 52. Ng4 Bb4+ 53. Kc2 Ke4 54. Nh2 Be1 55. h4 Bxf2 56. h5 Bd4 0-1

[Event "CEDIS Festival saha 2026 - 2. turnir"]
[Site "Podgorica"]
[Date "2026.04.24"]
[Round "1.4"]
[White "Musovic, Armin"]
[Black "Markovic, Janko"]
[Result "1-0"]
[WhiteElo "2176"]
[BlackElo "1587"]
[WhiteFideId "-1"]
[BlackFideId "-1"]
[PlyCount "73"]
[GameId "2307981565539081"]
[EventDate "2026.04.24"]
[EventType "swiss"]
[EventRounds "5"]
[EventCountry "MNE"]
[SourceVersionDate "2026.05.09"]

1. e4 c5 2. c3 g6 3. d4 cxd4 4. cxd4 Bg7 5. Nc3 e6 6. Nf3 Ne7 7. Bd3 d5 8. e5 Nbc6 9. a3 Bd7 10. Nb5 Nc8 11. Bg5 Qb6 12. Be3 a6 13. Nc3 N8e7 14. Na4 Qd8 15. Nc5 Rb8 16. Qd2 f6 17. exf6 Bxf6 18. Bf4 Ra8 19. Nxb7 Qb6 20. Nd6+ Kf8 21. Bh6+ Kg8 22. Qf4 Nf5 23. Bxf5 exf5 24. O-O Nxd4 25. Nxd4 Qxd4 26. Qxd4 Bxd4 27. Rfd1 Bxb2 28. Rab1 Bg7 29. Rb7 Bxh6 30. Rxd7 Rf8 31. Rxd5 Bf4 32. Nb7 Rc8 33. g3 Bb8 34. Nd8 Kf8 35. Rf7+ Ke8 36. Rdd7 Rc3 37. Rfe7+ 1-0

[Event "CEDIS Festival saha 2026 - 2. turnir"]
[Site "Podgorica"]
[Date "2026.04.24"]
[Round "1.5"]
[White "Mucevic, Taik"]
[Black "Marsenic, Lazar"]
[Result "0-1"]
[WhiteElo "1561"]
[BlackElo "2064"]
[WhiteFideId "-1"]
[BlackFideId "-1"]
[PlyCount "102"]
[GameId "2307982499951473"]
[EventDate "2026.04.24"]
[EventType "swiss"]
[EventRounds "5"]
[EventCountry "MNE"]
[SourceVersionDate "2026.05.09"]

1. e4 c5 2. c3 Nf6 3. e5 Nd5 4. d4 cxd4 5. cxd4 d6 6. Bc4 Nb6 7. Bb5+ Bd7 8. Bxd7+ Qxd7 9. Nf3 Nc6 10. O-O e6 11. Nc3 Be7 12. Bf4 O-O 13. Re1 Rfd8 14. Kh1 Rac8 15. d5 exd5 16. Nxd5 Nxd5 17. Qxd5 Qf5 18. Qe4 Qxe4 19. Rxe4 d5 20. Re2 h6 21. h4 Rd7 22. Rd1 Nb4 23. a3 Na6 24. Red2 Rcd8 25. g3 Nc5 26. Kg2 a6 27. Nd4 Bf8 28. f3 Na4 29. Nf5 Nb6 30. Be3 Nc4 31. Re2 Kh7 32. a4 Rc8 33. b3 Nxe5 34. Bxh6 Nxf3 35. Bxg7 Nxh4+ 36. gxh4 Bxg7 37. Re7 Rxe7 38. Nxe7 Rc2+ 39. Kf1 d4 40. Nf5 Rh2 41. Kg1 Rb2 42. Nxg7 Kxg7 43. Rd3 Kg6 44. Kf1 Kf5 45. Rf3+ Kg6 46. Ke1 f5 47. h5+ Kxh5 48. Rxf5+ Kg4 49. Rd5 Kf4 50. Rxd4+ Ke3 51. Rd1 Rh2 0-1

[Event "CEDIS Festival saha 2026 - 2. turnir"]
[Site "Podgorica"]
[Date "2026.04.24"]
[Round "1.6"]
[White "Abramovic, Dragoljub"]
[Black "Altinok, Mehmet Akif"]
[Result "1-0"]
[WhiteElo "2034"]
[BlackElo "1528"]
[WhiteFideId "-1"]
[BlackFideId "-1"]
[PlyCount "99"]
[GameId "2307984235054040"]
[EventDate "2026.04.24"]
[EventType "swiss"]
[EventRounds "5"]
[EventCountry "MNE"]
[SourceVersionDate "2026.05.09"]

1. d4 Nf6 2. Bg5 e6 3. e4 Be7 4. Bd3 b6 5. Nd2 Bb7 6. Qe2 d5 7. e5 Nfd7 8. Be3 c5 9. c3 h5 10. Nh3 Nc6 11. a3 Rc8 12. O-O g5 13. f4 g4 14. f5 gxh3 15. fxe6 Ndxe5 16. exf7+ Kf8 17. dxe5 Nxe5 18. Bf5 Rc7 19. Bf4 hxg2 20. Qxe5 gxf1=Q+ 21. Rxf1 Bf6 22. Qxc7 Qxc7 23. Bxc7 Kxf7 24. Nf3 d4 25. Ne5+ Bxe5 26. Bxe5 Rg8+ 27. Bg3 Ke7 28. Re1+ Kd8 29. Be4 Bxe4 30. Rxe4 dxc3 31. bxc3 Kd7 32. Kf2 Kc6 33. a4 Rg5 34. Ke2 Rd5 35. Re6+ Kb7 36. Re7+ Ka6 37. Bb8 b5 38. Rxa7+ Kb6 39. a5+ Kc6 40. Rc7+ Kd6 41. a6 Re5+ 42. Kd2 b4 43. a7 bxc3+ 44. Kxc3 Re3+ 45. Kc4 Re4+ 46. Kb3 Re3+ 47. Ka4 Re2 48. Rc6+ Kd7 49. Rxc5 Rxh2 50. Bxh2 1-0

[Event "CEDIS Festival saha 2026 - 2. turnir"]
[Site "Podgorica"]
[Date "2026.04.24"]
[Round "1.7"]
[White "Vukovic, Stefan"]
[Black "Baranin, Gojko"]
[Result "0-1"]
[WhiteElo "1519"]
[BlackElo "1896"]
[WhiteFideId "-1"]
[BlackFideId "-1"]
[PlyCount "42"]
[GameId "2307985902244944"]
[EventDate "2026.04.24"]
[EventType "swiss"]
[EventRounds "5"]
[EventCountry "MNE"]
[SourceVersionDate "2026.05.09"]

1. e4 e6 2. d4 d5 3. exd5 exd5 4. Nf3 Nf6 5. b3 Bg4 6. Be2 Nbd7 7. Bf4 Be7 8. Ne5 Bxe2 9. Qxe2 O-O 10. O-O Re8 11. Nxd7 Qxd7 12. Be5 Ne4 13. f3 f6 14. Bxc7 Qxc7 15. fxe4 Bb4 16. e5 fxe5 17. dxe5 Rxe5 18. Qb5 Qe7 19. c3 Bc5+ 20. Kh1 Re2 21. b4 Qe4 0-1

[Event "CEDIS Festival saha 2026 - 2. turnir"]
[Site "Podgorica"]
[Date "2026.04.24"]
[Round "1.8"]
[White "Cetinkaya, Vedat Ali"]
[Black "Janketic, Milos"]
[Result "1-0"]
[WhiteElo "1876"]
[BlackElo "1466"]
[WhiteFideId "-1"]
[BlackFideId "-1"]
[PlyCount "57"]
[GameId "2307986649990260"]
[EventDate "2026.04.24"]
[EventType "swiss"]
[EventRounds "5"]
[EventCountry "MNE"]
[SourceVersionDate "2026.05.09"]

1. d4 d5 2. c4 c6 3. Nc3 Nf6 4. e3 e6 5. Nf3 Nbd7 6. Bd3 dxc4 7. Bxc4 b5 8. Bd3 Bd6 9. O-O O-O 10. Qe2 Re8 11. Rd1 Qc7 12. b3 e5 13. Qc2 b4 14. Ne4 Nxe4 15. Bxe4 Nf6 16. Qxc6 Rb8 17. Qxc7 Bxc7 18. Bc6 Rd8 19. Bb2 Bg4 20. dxe5 Rb6 21. Rxd8+ Bxd8 22. Rd1 Bc7 23. Rc1 Bxf3 24. Bxf3 Ne8 25. Bc6 Ra6 26. Bxe8 Rxa2 27. Rxc7 Rxb2 28. g3 Rxb3 29. Bxf7+ 1-0

[Event "CEDIS Festival saha 2026 - 2. turnir"]
[Site "Podgorica"]
[Date "2026.04.24"]
[Round "1.9"]
[White "Stanic, Stefan"]
[Black "Doderovic, Aleksa"]
[Result "0-1"]
[WhiteElo "1459"]
[BlackElo "1870"]
[WhiteFideId "-1"]
[BlackFideId "-1"]
[PlyCount "64"]
[GameId "2307987539629271"]
[EventDate "2026.04.24"]
[EventType "swiss"]
[EventRounds "5"]
[EventCountry "MNE"]
[SourceVersionDate "2026.05.09"]

1. e4 c6 2. d4 d5 3. Nc3 dxe4 4. Nxe4 Nf6 5. Nxf6+ exf6 6. c3 Bd6 7. h3 Na6 8. Nf3 Nc7 9. Bd3 Be6 10. Bd2 Nd5 11. g3 Qc7 12. c4 Nb4 13. Bxb4 Bxb4+ 14. Nd2 O-O 15. O-O Bxh3 16. Qh5 g6 17. Qxh3 Bxd2 18. a3 f5 19. Qh4 h5 20. Qf6 Bh6 21. Bxf5 Bg7 22. Qg5 gxf5 23. Kg2 Qd8 24. Qxh5 Qxd4 25. Qxf5 Qxc4 26. Rad1 Rfe8 27. Qh5 Qe4+ 28. f3 Qc2+ 29. Kg1 Re6 30. Rd7 Rf8 31. Rf2 Qc1+ 32. Kg2 Rh6 0-1

[Event "CEDIS Festival saha 2026 - 2. turnir"]
[Site "Podgorica"]
[Date "2026.04.24"]
[Round "1.10"]
[White "Mitric, Nebojsa"]
[Black "Sorochenkov, Alexander"]
[Result "1-0"]
[WhiteElo "1863"]
[BlackElo "1429"]
[WhiteFideId "-1"]
[BlackFideId "-1"]
[PlyCount "121"]
[GameId "2307988999742731"]
[EventDate "2026.04.24"]
[EventType "swiss"]
[EventRounds "5"]
[EventCountry "MNE"]
[SourceVersionDate "2026.05.09"]

1. e4 c5 2. Nf3 d6 3. d4 cxd4 4. Nxd4 Nf6 5. Nc3 a6 6. h3 e5 7. Nf3 h5 8. Be3 Be7 9. a4 Nc6 10. Bc4 Bd7 11. Qd2 Na5 12. Bd5 Nxd5 13. Nxd5 Nc4 14. Qb4 Nxe3 15. Nxe3 Bc6 16. Nd5 Bxd5 17. exd5 Qc7 18. c4 Rc8 19. b3 b6 20. Ke2 Qc5 21. Qd2 Bf6 22. Rac1 a5 23. Ng5 Qb4 24. Qxb4 axb4 25. Nf3 e4 26. Nd2 Bg5 27. Nxe4 Be7 28. Kd3 Kd7 29. Ng3 Bf6 30. Ne2 Rhe8 31. Rhe1 g6 32. Nd4 Bxd4 33. Kxd4 Rxe1 34. Rxe1 Re8 35. Rxe8 Kxe8 36. Ke4 Ke7 37. g4 hxg4 38. hxg4 Kf6 39. f4 Ke7 40. Kd4 f6 41. a5 bxa5 42. c5 dxc5+ 43. Kxc5 Kd7 44. Kb5 Kd6 45. Kxa5 Kxd5 46. Kxb4 Ke4 47. Kc5 Kxf4 48. b4 Kxg4 49. b5 f5 50. b6 f4 51. b7 f3 52. b8=Q f2 53. Qb1 Kf3 54. Qf1 g5 55. Kd4 g4 56. Kd3 g3 57. Qh1+ Kg4 58. Qg2 Kf4 59. Ke2 Kg4 60. Ke3 Kh4 61. Kf4 1-0

[Event "CEDIS Festival saha 2026 - 2. turnir"]
[Site "Podgorica"]
[Date "2026.04.25"]
[Round "2.1"]
[White "Scekic, Veljko"]
[Black "Mitric, Nebojsa"]
[Result "0-1"]
[WhiteElo "2223"]
[BlackElo "1863"]
[WhiteFideId "-1"]
[BlackFideId "-1"]
[PlyCount "96"]
[GameId "2308155950312943"]
[EventDate "2026.04.24"]
[EventType "swiss"]
[EventRounds "5"]
[EventCountry "MNE"]
[SourceVersionDate "2026.05.09"]

1. e4 c6 2. c4 d6 3. Nc3 e5 4. d4 Qc7 5. Be3 Nf6 6. h3 h6 7. Nf3 Be7 8. g4 a6 9. d5 Nbd7 10. Rc1 c5 11. Qd2 b6 12. Bd3 Nf8 13. a3 g5 14. b4 Ng6 15. Rb1 Bd7 16. Qb2 O-O 17. h4 Nxg4 18. hxg5 Nxe3 19. fxe3 Bxg5 20. Qh2 Bxe3 21. Ke2 Bf4 22. Qh5 Qd8 23. Rbg1 Kh7 24. Kf2 Qf6 25. Ne2 Rg8 26. Ke1 Be3 27. Rg2 Nf4 28. Nxf4 Bxf4 29. Rhg1 Rxg2 30. Rxg2 Rg8 31. Rxg8 Kxg8 32. bxc5 bxc5 33. Kd1 Qg6 34. Qh1 Qg3 35. Kc2 Bg4 36. Nh4 Qf2+ 37. Kb1 Qe3 38. Qf1 Qh3 39. Nf5 Qxf1+ 40. Bxf1 Bxf5 41. exf5 e4 42. Kc2 Kg7 43. Bg2 e3 44. Kd3 Kf6 45. Bh3 Ke5 46. Bg4 Bg5 47. a4 a5 48. f6 Kxf6 0-1

[Event "CEDIS Festival saha 2026 - 2. turnir"]
[Site "Podgorica"]
[Date "2026.04.25"]
[Round "2.2"]
[White "Kramich, Aliaksei"]
[Black "Jankovic, Jovan"]
[Result "1-0"]
[WhiteElo "2195"]
[BlackElo "1830"]
[WhiteFideId "-1"]
[BlackFideId "-1"]
[PlyCount "61"]
[GameId "2308157740687146"]
[EventDate "2026.04.24"]
[EventType "swiss"]
[EventRounds "5"]
[EventCountry "MNE"]
[SourceVersionDate "2026.05.09"]

1. e4 e5 2. Nf3 Nf6 3. d4 Nxe4 4. Bd3 d5 5. Nxe5 Bd6 6. O-O O-O 7. c4 c6 8. Nc3 Nxc3 9. bxc3 Be6 10. c5 Bxe5 11. Qh5 f5 12. Qe2 Bxh2+ 13. Kxh2 Qf6 14. Rb1 Nd7 15. Rxb7 Rae8 16. Qh5 g6 17. Qg5 Rf7 18. Rxa7 h6 19. Qxf6 Nxf6 20. Ra6 Bd7 21. Bf4 Rfe7 22. f3 Re1 23. Be5 Rxf1 24. Bxf1 Kf7 25. c4 Re6 26. Ra7 Ke8 27. a4 g5 28. a5 g4 29. a6 Bc8 30. Ra8 Kd7 31. a7 1-0

[Event "CEDIS Festival saha 2026 - 2. turnir"]
[Site "Podgorica"]
[Date "2026.04.25"]
[Round "2.3"]
[White "Doderovic, Aleksa"]
[Black "Musovic, Armin"]
[Result "0-1"]
[WhiteElo "1870"]
[BlackElo "2176"]
[WhiteFideId "-1"]
[BlackFideId "-1"]
[PlyCount "30"]
[GameId "2308159834390707"]
[EventDate "2026.04.24"]
[EventType "swiss"]
[EventRounds "5"]
[EventCountry "MNE"]
[SourceVersionDate "2026.05.09"]

1. d4 d5 2. c4 c5 3. cxd5 Nf6 4. dxc5 Qxd5 5. Qxd5 Nxd5 6. e4 Nb4 7. Kd1 Be6 8. Nc3 N8c6 9. Bb5 O-O-O+ 10. Bd2 Nd4 11. Nge2 Nxb5 12. Nxb5 Bc4 13. Na3 Ba6 14. Nc2 Bxe2+ 15. Kxe2 Nxc2 0-1

[Event "CEDIS Festival saha 2026 - 2. turnir"]
[Site "Podgorica"]
[Date "2026.04.25"]
[Round "2.4"]
[White "Marsenic, Lazar"]
[Black "Zarudniak, Elisei"]
[Result "1-0"]
[WhiteElo "2064"]
[BlackElo "1761"]
[WhiteFideId "-1"]
[BlackFideId "-1"]
[PlyCount "167"]
[GameId "2308161129713949"]
[EventDate "2026.04.24"]
[EventType "swiss"]
[EventRounds "5"]
[EventCountry "MNE"]
[SourceVersionDate "2026.05.09"]

1. e4 c5 2. Nf3 Nc6 3. Bb5 g6 4. Bxc6 dxc6 5. d3 Bg7 6. h3 Nf6 7. Nc3 Nd7 8. Be3 e5 9. a3 b6 10. b4 cxb4 11. axb4 Nf8 12. O-O Ne6 13. Ra3 Nd4 14. Bxd4 exd4 15. Ne2 c5 16. bxc5 bxc5 17. Qa1 Qc7 18. Nd2 O-O 19. Ra5 Rd8 20. f4 f5 21. Qa2+ Kh8 22. Ra1 a6 23. Qc4 Bf8 24. exf5 gxf5 25. Nf3 Qb6 26. Ng5 Re8 27. Ng3 Be7 28. Qd5 Bxg5 29. fxg5 Bb7 30. Qxf5 Qd6 31. Nh5 Re2 32. Nf4 Rf8 33. Qxf8+ Qxf8 34. Nxe2 Qe7 35. Ng3 Qxg5 36. Ne4 Bxe4 37. dxe4 Qe3+ 38. Kh1 Qxe4 39. Rxc5 d3 40. cxd3 Qxd3 41. Rca5 Kg7 42. Rxa6 Qc4 43. Rb6 Qc7 44. Rab1 Qc2 45. Rf1 Qd3 46. Rbf6 Qc4 47. R6f4 Qc3 48. Rg4+ Kh6 49. Rf3 Qc1+ 50. Kh2 Qc7+ 51. Rfg3 Qd8 52. Rg8 Qc7 53. Ra8 Qb7 54. Ra4 Qe7 55. h4 Qc7 56. Rag4 Qe7 57. Kh3 Qd7 58. Kh2 Qe7 59. Rg5 Qd6 60. Kh3 Qd7+ 61. R3g4 Qd3+ 62. Rg3 Qd7+ 63. R5g4 Kh5 64. Kh2 Kh6 65. h5 Qc7 66. Rg7 Qe5 67. R7g4 Qc7 68. Ra4 Qd7 69. Ra5 Qc6 70. Rga3 Qc7+ 71. Kh3 Qd7+ 72. g4 Qd8 73. Rf5 Qc8 74. Kh4 Qb8 75. g5+ Kg7 76. h6+ Kg8 77. Kh3 Qb7 78. Raf3 Qd7 79. Kh4 Qd4+ 80. R3f4 Qd6 81. Rf7 Qc5 82. Rg7+ Kh8 83. Rb7 Qc8 84. Rfb4 1-0

[Event "CEDIS Festival saha 2026 - 2. turnir"]
[Site "Podgorica"]
[Date "2026.04.25"]
[Round "2.6"]
[White "Baranin, Gojko"]
[Black "Djukic, Katarina"]
[Result "0-1"]
[WhiteElo "1896"]
[BlackElo "1732"]
[WhiteFideId "-1"]
[BlackFideId "-1"]
[PlyCount "86"]
[GameId "2308166046573204"]
[EventDate "2026.04.24"]
[EventType "swiss"]
[EventRounds "5"]
[EventCountry "MNE"]
[SourceVersionDate "2026.05.09"]

1. e4 c5 2. Nf3 d6 3. d4 cxd4 4. Nxd4 Nf6 5. Nc3 g6 6. Bc4 Bg7 7. O-O O-O 8. Bg5 Nc6 9. Nxc6 bxc6 10. Qd2 Be6 11. Bb3 Nd7 12. f4 Nc5 13. Rae1 Qc7 14. f5 Bxb3 15. axb3 a5 16. Bh6 Nd7 17. Rf3 Ne5 18. Rh3 Ng4 19. Bxg7 Kxg7 20. Rf1 Qa7+ 21. Kh1 h5 22. Nd1 Qc5 23. Nf2 Nxf2+ 24. Rxf2 Qb4 25. Qd3 a4 26. c3 Qb6 27. Rf1 axb3 28. Qf3 Qb5 29. f6+ exf6 30. Qxf6+ Kg8 31. Rhf3 Qe5 32. Qxe5 dxe5 33. Rf6 Ra2 34. Rb1 Rd8 35. Rf2 Rd3 36. Re2 Rxc3 37. bxc3 Rxe2 38. h3 b2 39. Kh2 f5 40. exf5 gxf5 41. Kg3 e4 42. Kf4 Rf2+ 43. Kg3 e3 0-1

[Event "CEDIS Festival saha 2026 - 2. turnir"]
[Site "Podgorica"]
[Date "2026.04.25"]
[Round "2.7"]
[White "Vujadinovic, Zeljko"]
[Black "Cetinkaya, Vedat Ali"]
[Result "0-1"]
[WhiteElo "1811"]
[BlackElo "1876"]
[WhiteFideId "-1"]
[BlackFideId "-1"]
[PlyCount "70"]
[GameId "2308167199957742"]
[EventDate "2026.04.24"]
[EventType "swiss"]
[EventRounds "5"]
[EventCountry "MNE"]
[SourceVersionDate "2026.05.09"]

1. d4 d5 2. Nf3 Nf6 3. c3 e6 4. Bg5 Be7 5. Bxf6 Bxf6 6. e3 Nd7 7. Nbd2 O-O 8. Bd3 Re8 9. Qc2 h6 10. O-O-O c5 11. Bb5 Qa5 12. Qa4 Qc7 13. g4 a6 14. Bd3 b5 15. Qc2 Qa5 16. Kb1 c4 17. Be2 b4 18. g5 hxg5 19. Rhg1 Rb8 20. cxb4 Qxb4 21. Nxg5 Nb6 22. Bh5 Rb7 23. Nh7 Bd8 24. Ng5 Na4 25. Bxf7+ Rxf7 26. Nxf7 Kxf7 27. e4 c3 28. Nb3 dxe4 29. Qxe4 Bf6 30. Qf3 Bb7 31. d5 c2+ 32. Kxc2 Qc4+ 33. Kb1 Bxd5 34. Qh5+ Ke7 35. Rge1 Be4+ 0-1

[Event "CEDIS Festival saha 2026 - 2. turnir"]
[Site "Podgorica"]
[Date "2026.04.25"]
[Round "2.8"]
[White "Mihciyazgan, Can"]
[Black "Rasovic, Uros"]
[Result "0-1"]
[WhiteElo "1751"]
[BlackElo "2207"]
[WhiteFideId "-1"]
[BlackFideId "-1"]
[PlyCount "58"]
[GameId "2308168749147093"]
[EventDate "2026.04.24"]
[EventType "swiss"]
[EventRounds "5"]
[EventCountry "MNE"]
[SourceVersionDate "2026.05.09"]

1. e4 c5 2. Nf3 d6 3. d4 cxd4 4. Nxd4 Nf6 5. Nc3 a6 6. a4 e5 7. Nb3 Be6 8. f3 Be7 9. Be3 O-O 10. a5 Nbd7 11. Be2 Qc7 12. O-O Nc5 13. Kh1 h6 14. Na4 Nxa4 15. Rxa4 d5 16. exd5 Nxd5 17. Bf2 Nb4 18. Bb6 Qc6 19. Ra1 Nxc2 20. Rc1 Bxb3 21. Qd3 Qa4 22. Bd1 Rac8 23. f4 Ne1 24. Qh3 Rxc1 25. Bxb3 Qxf4 26. Kg1 Nc2 27. Bxf7+ Rxf7 28. Qc8+ Kh7 29. Qxc2+ Rxc2 0-1

[Event "CEDIS Festival saha 2026 - 2. turnir"]
[Site "Podgorica"]
[Date "2026.04.25"]
[Round "2.9"]
[White "Peric, Toman"]
[Black "Zizic, Djordje"]
[Result "0-1"]
[WhiteElo "1700"]
[BlackElo "2151"]
[WhiteFideId "-1"]
[BlackFideId "-1"]
[PlyCount "78"]
[GameId "2308172171035692"]
[EventDate "2026.04.24"]
[EventType "swiss"]
[EventRounds "5"]
[EventCountry "MNE"]
[SourceVersionDate "2026.05.09"]

1. e4 c5 2. Nf3 d6 3. Bb5+ Nd7 4. O-O a6 5. Bd3 Ngf6 6. c3 b5 7. Bc2 Bb7 8. Re1 e6 9. d4 Be7 10. Bf4 Qc7 11. e5 dxe5 12. Nxe5 Nxe5 13. Rxe5 Qc6 14. Qf3 Qxf3 15. gxf3 Bd6 16. dxc5 Bxe5 17. Bxe5 O-O 18. Nd2 Rfd8 19. Ne4 Bxe4 20. fxe4 a5 21. Bd6 b4 22. e5 Ne8 23. Be4 Rac8 24. cxb4 Nxd6 25. cxd6 axb4 26. a4 bxa3 27. bxa3 Rc5 28. f4 f6 29. a4 Ra5 30. Bc6 g5 31. exf6 Rxd6 32. Be8 gxf4 33. Kf2 Rf5 34. f7+ Kf8 35. a5 Ra6 36. Rg1 Raxa5 37. Rg8+ Ke7 38. Rg7 f3 39. Rg3 Ra2+ 0-1

[Event "CEDIS Festival saha 2026 - 2. turnir"]
[Site "Podgorica"]
[Date "2026.04.25"]
[Round "2.10"]
[White "Stanic, Stefan"]
[Black "Lakusic, Zoran"]
[Result "0-1"]
[WhiteElo "1459"]
[BlackElo "1715"]
[WhiteFideId "-1"]
[BlackFideId "-1"]
[PlyCount "82"]
[GameId "2308174284780708"]
[EventDate "2026.04.24"]
[EventType "swiss"]
[EventRounds "5"]
[EventCountry "MNE"]
[SourceVersionDate "2026.05.09"]

1. e4 e5 2. Nf3 Nc6 3. Nc3 Nf6 4. d4 Bb4 5. Bg5 h6 6. Bxf6 Bxc3+ 7. bxc3 Qxf6 8. Bb5 O-O 9. O-O a6 10. Bxc6 Qxc6 11. Nxe5 Qxe4 12. Re1 Qf5 13. Re3 d6 14. Nd3 Be6 15. Qd2 c6 16. Rae1 Bxa2 17. Rg3 Qh7 18. Nf4 f6 19. Re7 Rf7 20. Qe2 g5 21. Nh5 Rxe7 22. Nxf6+ Kf7 23. Qxe7+ Kxe7 24. Nxh7 Bd5 25. h4 Rh8 26. c4 Bxc4 27. Re3+ Be6 28. c4 d5 29. cxd5 cxd5 30. Rb3 b5 31. Nxg5 hxg5 32. hxg5 Rh4 33. Ra3 Rxd4 34. Rxa6 Rg4 35. Rb6 Rxg5 36. Rxb5 Bd7 37. Rb1 Kd6 38. Rd1 Bg4 39. Rd2 Bf3 40. g3 Re5 41. Kf1 Rh5 0-1

[Event "CEDIS Festival saha 2026 - 2. turnir"]
[Site "Podgorica"]
[Date "2026.04.25"]
[Round "2.11"]
[White "Sorochenkov, Alexander"]
[Black "Uslu, Berkant"]
[Result "0-1"]
[WhiteElo "1429"]
[BlackElo "1631"]
[WhiteFideId "-1"]
[BlackFideId "-1"]
[PlyCount "80"]
[GameId "2308176603694324"]
[EventDate "2026.04.24"]
[EventType "swiss"]
[EventRounds "5"]
[EventCountry "MNE"]
[SourceVersionDate "2026.05.09"]

1. e4 e5 2. Nf3 Nf6 3. Nxe5 d6 4. Nf3 Nxe4 5. Nc3 Nxc3 6. dxc3 Be7 7. Be3 O-O 8. Qd2 Nc6 9. O-O-O a5 10. h3 a4 11. g4 a3 12. b3 Rb8 13. Bb5 Ra8 14. g5 Ra5 15. c4 Ra8 16. Rhg1 Nb8 17. h4 c6 18. Ba4 Bd7 19. Qb4 Qc8 20. Bf4 Bf5 21. Qd2 Na6 22. Rde1 Be6 23. Be3 d5 24. Bb6 Bc5 25. Ba5 dxc4 26. b4 Ba7 27. c3 b6 28. Ne5 Bd5 29. Bxb6 Bxb6 30. Rgf1 Nxb4 31. Bxc6 Bxc6 32. Nxc4 Nd5 33. Nxb6 Nxb6 34. h5 Nc4 35. Qd4 Qb7 36. Qxc4 Qb2+ 37. Kd1 Ba4+ 38. Qxa4 Rxa4 39. Re2 Rd8+ 40. Ke1 Qc1# 0-1

[Event "CEDIS Festival saha 2026 - 2. turnir"]
[Site "Podgorica"]
[Date "2026.04.25"]
[Round "3.1"]
[White "Cetinkaya, Vedat Ali"]
[Black "Kramich, Aliaksei"]
[Result "0-1"]
[WhiteElo "1876"]
[BlackElo "2195"]
[WhiteFideId "-1"]
[BlackFideId "-1"]
[PlyCount "70"]
[GameId "2308194524329937"]
[EventDate "2026.04.24"]
[EventType "swiss"]
[EventRounds "5"]
[EventCountry "MNE"]
[SourceVersionDate "2026.05.09"]

1. d4 f5 2. c4 Nf6 3. Nc3 g6 4. Nf3 Bg7 5. g3 O-O 6. Bg2 d6 7. O-O Qe8 8. d5 a5 9. Nd4 Na6 10. b3 Bd7 11. Bb2 c6 12. Qd2 Nc5 13. f3 cxd5 14. cxd5 b5 15. Nc2 b4 16. Nd1 Qf7 17. e4 Bb5 18. Nf2 Bxf1 19. Rxf1 Nfxe4 20. fxe4 Bxb2 21. exf5 Qxf5 22. Nd1 Qd3 23. Qxd3 Nxd3 24. Nxb2 Rxf1+ 25. Kxf1 Nxb2 26. Ke2 Rc8 27. Nd4 Rc1 28. Be4 Kg7 29. Nc6 Kf6 30. Kd2 Rd1+ 31. Ke2 Ra1 32. Kd2 Nd1 33. Bc2 Nc3 34. a4 bxa3 35. Kxc3 Rg1 0-1